000 00429nam a22001697a 4500
999 _c528874
_d528874
003 NUST
020 _qH/B.
038 _awaseem
082 _a891.4391
_bBAN
100 _aBano, Shanaz
_920689
245 _aAndaz-e-Beyan /
_cShanaz Bano
260 _aKarachi :
_bAgai Matobate,
_c2015.
300 _a144 p. ;
880 _6100-01\r
_aشہناز بانو
880 _6245-02\r
_aاندازِبیان اور /
942 _2ddc
_cBK